FC Bayern Rückennummerhistorie #1 - Statistiken

Allgemein
  • Dieses Quiz wurde 83 mal gespielt
  • Das Durchschnittsergebnis liegt bei 6 aus 14
Antwortstatistiken
Hint Antwort % Korrekt
seit 2011/12 Manuel Neuer
100%
1994-2008 Oliver Kahn
96%
1970-1979; 1966/67; 1962/63 Sepp Maier
81%
2010/11 Hans Jörg Butt
73%
2008-2010 Michael Rensing
60%
1982-88 Jean-Marie Pfaff
48%
1988-1994; 1984-86 Raimond Aumann
42%
1994/95; 1990/91 Sven Scheuer
13%
1981-84 Manfred Müller
12%
1994/95;1992/93 Uwe Gospodarek
10%
1979-1982 Walter Junghans
10%
1991/92 Gerald Hillringhaus
6%
1962/63 Fritz Kosar
3%
1986/87 Robert Dekeyser
1%
Keine übereinstimmenden Quizze gefunden
Verteilung der Resultate
Anzahl Personen mit jedem Resultat
Perzentil nach korrekt beantworteten Fragen
Ihre Resultats-Entwicklung
Sie haben dieses Quiz noch nicht gespielt